<?xml version="1.0" encoding="UTF-8"?>
<record
    xmlns:xsi="http://www.w3.org/2001/XMLSchema-instance"
    xsi:schemaLocation="http://www.loc.gov/MARC21/slim http://www.loc.gov/standards/marcxml/schema/MARC21slim.xsd"
    xmlns="http://www.loc.gov/MARC21/slim">

  <leader>01208nam a2200301 a 4500</leader>
  <controlfield tag="001">BRL_1927</controlfield>
  <controlfield tag="005">20190320211434.0</controlfield>
  <controlfield tag="008">180815m19401942mx-ae#####---#000-0#spa-#</controlfield>
  <datafield tag="040" ind1=" " ind2=" ">
    <subfield code="a">DLC</subfield>
    <subfield code="c">CarP</subfield>
    <subfield code="d">DLC</subfield>
  </datafield>
  <datafield tag="041" ind1=" " ind2=" ">
    <subfield code="a">spa</subfield>
  </datafield>
  <datafield tag="044" ind1=" " ind2=" ">
    <subfield code="a">mx</subfield>
  </datafield>
  <datafield tag="050" ind1=" " ind2="4">
    <subfield code="a">NA5256.H5</subfield>
    <subfield code="b">.C38 1940</subfield>
  </datafield>
  <datafield tag="245" ind1="1" ind2="0">
    <subfield code="a">Cat&#xE1;logo de construcciones religiosas del estado de Hidalgo</subfield>
    <subfield code="b">formado por la Comisi&#xF3;n de Inventarios de la Primera Zona 1929-1932</subfield>
    <subfield code="c">Ingeniero en jefe Luis Azcue y Mancera ; introducci&#xF3;n de Manuel Toussaint ; recopilaci&#xF3;n de Justino Fern&#xE1;ndez.</subfield>
  </datafield>
  <datafield tag="260" ind1=" " ind2=" ">
    <subfield code="a">M&#xE9;xico</subfield>
    <subfield code="b">Talleres Gr&#xE1;ficos de la Naci&#xF3;n</subfield>
    <subfield code="c">1940-1942</subfield>
  </datafield>
  <datafield tag="300" ind1=" " ind2=" ">
    <subfield code="a">2 v.</subfield>
    <subfield code="b">il., l&#xE1;minas, mapas, planos</subfield>
    <subfield code="c">35 cm.</subfield>
  </datafield>
  <datafield tag="500" ind1=" " ind2=" ">
    <subfield code="a">Incluye &#xED;ndice general por municipios</subfield>
  </datafield>
  <datafield tag="500" ind1=" " ind2=" ">
    <subfield code="a">v.1 Au2181, v.2 Au2180</subfield>
  </datafield>
  <datafield tag="500" ind1=" " ind2=" ">
    <subfield code="a">Estado f&#xED;sico: El v.2 le falta la cubierta de enfrente.</subfield>
  </datafield>
  <datafield tag="504" ind1=" " ind2=" ">
    <subfield code="a">Incluye referencias bibliogr&#xE1;ficas</subfield>
  </datafield>
  <datafield tag="650" ind1="1" ind2="4">
    <subfield code="a">Iglesias</subfield>
    <subfield code="z">M&#xE9;xico</subfield>
    <subfield code="9">4471</subfield>
  </datafield>
  <datafield tag="650" ind1="1" ind2="4">
    <subfield code="a">Arquitectuta religiosa</subfield>
    <subfield code="z">M&#xE9;xico</subfield>
    <subfield code="9">6789</subfield>
  </datafield>
  <datafield tag="650" ind1="1" ind2="4">
    <subfield code="a">Arquitectura religiosa</subfield>
    <subfield code="x">Dise&#xF1;os y planos</subfield>
    <subfield code="9">6790</subfield>
  </datafield>
  <datafield tag="700" ind1="1" ind2=" ">
    <subfield code="a">Fern&#xE1;ndez, Justino</subfield>
    <subfield code="d">1904-</subfield>
    <subfield code="9">6791</subfield>
  </datafield>
  <datafield tag="700" ind1="1" ind2=" ">
    <subfield code="a">Azcue y Mancera, Luis</subfield>
    <subfield code="9">6792</subfield>
  </datafield>
  <datafield tag="700" ind1="1" ind2=" ">
    <subfield code="a">Toussaint, Manuel</subfield>
    <subfield code="9">6793</subfield>
  </datafield>
  <datafield tag="902" ind1=" " ind2=" ">
    <subfield code="a">GRL</subfield>
  </datafield>
  <datafield tag="942" ind1=" " ind2=" ">
    <subfield code="2">lcc</subfield>
    <subfield code="c">B</subfield>
  </datafield>
  <datafield tag="999" ind1=" " ind2=" ">
    <subfield code="c">10735</subfield>
    <subfield code="d">10735</subfield>
  </datafield>
  <datafield tag="952" ind1=" " ind2=" ">
    <subfield code="0">0</subfield>
    <subfield code="1">0</subfield>
    <subfield code="4">0</subfield>
    <subfield code="7">0</subfield>
    <subfield code="a">BRL</subfield>
    <subfield code="b">BRL</subfield>
    <subfield code="d">2015-08-18</subfield>
    <subfield code="l">0</subfield>
    <subfield code="o">NA5256.H5 .C38 1940</subfield>
    <subfield code="p">GRL02134</subfield>
    <subfield code="r">2019-03-22 00:00:00</subfield>
    <subfield code="w">2019-03-22</subfield>
    <subfield code="y">B</subfield>
  </datafield>
  <datafield tag="952" ind1=" " ind2=" ">
    <subfield code="0">0</subfield>
    <subfield code="1">0</subfield>
    <subfield code="4">0</subfield>
    <subfield code="7">0</subfield>
    <subfield code="a">BRL</subfield>
    <subfield code="b">BRL</subfield>
    <subfield code="d">2016-01-21</subfield>
    <subfield code="l">0</subfield>
    <subfield code="o">NA5256.H5 .C38 1940</subfield>
    <subfield code="p">GRL02135</subfield>
    <subfield code="r">2019-03-22 00:00:00</subfield>
    <subfield code="w">2019-03-22</subfield>
    <subfield code="y">B</subfield>
  </datafield>
</record>
